000 01374cam a2200385 a 4500
003 OSt
005 20140310184508.0
008 000127s2000 nyua j 001 0 eng
010 _a 00024707
020 _a0439318629
020 _a0439318629
040 _aDLC
_cDLC
_dDLC
042 _alcac
050 0 0 _aPS 3566.R36
_b.P924 2001
100 1 _aPrelutsky, Jack.
_925891
245 1 0 _aIt's raining pigs & noodles /
_cJack Prelutsky ; drawings by James Stevenson.
246 3 _aIt's raining pigs and noodles
250 _a1st ed.
260 _aNew York, NY :
_bScholastic Inc.,
_c2001.
300 _a159 p. :
_bill. ;
_c24 cm.
500 _aIncludes index.
521 _aG12
526 _c1090
650 0 _aChildren's poetry, American.
_9727
650 1 _aHumorous poetry.
_914604
650 1 _aAmerican poetry.
_91688
700 1 _aStevenson, James,
_d1929-
_eill.
_929044
856 4 2 _3Publisher description
_uhttp://www.loc.gov/catdir/description/hc043/00024707.html
906 _a7
_bcbc
_corignew
_d1
_eocip
_f20
_gy-gencatlg
942 _2lcc
_cBK-SCHOLAS
999 _c34866
_d34866